|
|
|
|
| LEADER |
00000n m0a2200000 4500 |
| 001 |
220798 |
| 005 |
20231031195506.0 |
| 010 |
|
|
|a 0078814480
|
| 035 |
|
|
|a (RuTPU)RU\TPU\book\240931
|
| 090 |
|
|
|a 220798
|
| 100 |
|
|
|a 20120901d1988 km y0rusy50 ba
|
| 101 |
0 |
|
|a eng
|
| 102 |
|
|
|a US
|
| 105 |
|
|
|a a z 001zy
|
| 200 |
1 |
|
|a DOS 4 Made Easy
|f H. Schildt
|
| 210 |
|
|
|a Berkeley
|c McGraw-Hill
|d 1988
|
| 215 |
|
|
|a 346 с.
|c il.
|
| 320 |
|
|
|a Index: p. 331-346.
|
| 610 |
1 |
|
|a вычислительная техника
|
| 610 |
1 |
|
|a программирование
|
| 610 |
1 |
|
|a DOS
|
| 610 |
1 |
|
|a системы управления
|
| 610 |
1 |
|
|a приборы контроля
|
| 610 |
1 |
|
|a английский язык
|
| 675 |
|
|
|a 681.326
|v 3
|
| 700 |
|
1 |
|a Schildt
|b H.
|g Herbert
|
| 801 |
|
1 |
|a RU
|b 63413507
|c 20120901
|
| 801 |
|
2 |
|a RU
|b 63413507
|c 20121001
|g RCR
|
| 942 |
|
|
|c BK
|